Kajian separuh penggal Rancangan Malaysia Keempat 1981-1985
| Format: | Book |
|---|---|
| Subjects: |
MARC
| LEADER | 00000cam a2200000 7i4500 | ||
|---|---|---|---|
| 001 | 0000033632 | ||
| 002 | 000036311 | ||
| 005 | 20030219.0 | ||
| 020 | |a T000003527 | ||
| 090 | 0 | 0 | |a 330.9595 |b MAL |
| 245 | 0 | 0 | |a Kajian separuh penggal Rancangan Malaysia Keempat 1981-1985 |
| 300 | |a 449p. ; |c 27cm. | ||
| 650 | 0 | 0 | |a Central planning |z Malaysia |y 1981-1985 |x Case studies |
| 650 | 0 | 0 | |a Planning |z Malaysia |
| 651 | 0 | |a Malaysia |x Economic policy |y 1981-1985 | |
| 999 | |a 0010658 |b BUKU |c MALAYSIANA |e PERPUSTAKAAN KOMUNITI PETALING JAYA | ||